Ukraińskie miasta - Statystyki

Ogólne statystyki
  • Ten quiz został rozwiązany 97 razy
  • Średni wynik to 27 z 87
Odpowiedzi na mapie
Odpowiedzi zakodowano w zielono-czerwonej skali na mapie do tego quizu, zgodnie z poniższymi procentami.
 
Statystyki odpowiedzi
Miasto % Poprawnych
Kijów
96%
Lwów
96%
Charków
92%
Donieck
88%
Odessa
88%
Sewastopol
84%
Zaporoże
78%
Dniepr
76%
Mariupol
76%
Ługańsk
75%
Krzywy Róg
63%
Mikołajów
63%
Łuck
61%
Iwano-Frankiwsk
59%
Chersoń
57%
Tarnopol
57%
Połtawa
55%
Równe
55%
Użhorod
53%
Winnica
53%
Żytomierz
53%
Czerkasy
51%
Sumy
51%
Czernihów
49%
Symferopol
49%
Chmielnicki
43%
Kercz
39%
Melitopol
39%
Kowel
37%
Jałta
35%
Mukaczewo
33%
Biała Cerkiew
31%
Czerniowce
31%
Irpień
29%
Berdiańsk
27%
Kamieniec Podolski
27%
Drohobycz
25%
Izmaił
25%
Kropywnycki
25%
Słowiańsk
25%
Gorłówka
24%
Kramatorsk
24%
Krzemieńczuk
24%
Kołomyja
22%
Korosteń
20%
Makiejewka
20%
Bachmut
18%
Boryspol
18%
Browary
18%
Humań
18%
Nikopol
18%
Pokrowsk
18%
Stryj
18%
Eupatoria
16%
Berdyczów
14%
Czarnomorsk
14%
Enerhodar
14%
Kałusz
14%
Kamieńskie
14%
Konotop
14%
Konstantynówka
14%
Lisiczańsk
14%
Nowowołyńsk
14%
Pawłohrad
14%
Drużkiwka
12%
Szostka
12%
Zwiahel
12%
Aleksandria
10%
Perwomajsk
10%
Niżyn
8%
Siewierskodonieck
8%
Teodozja
8%
Ałczewsk
6%
Horiszni Pławni
6%
Łozowa
6%
Pryłuki
6%
Rubiżne
6%
Szeptycki
6%
Chrustalnyj
4%
Dołżańsk
4%
Samar
4%
Smiła
4%
Antracyt
2%
Charcysk
2%
Czystiakowe
2%
Jenakijewe
2%
Kadyjewka
2%
Nie znaleziono quizów pasujących do podanych kryteriów
Rozkład punktacji
Procent ludzi z każdym wynikiem
Percentyl według liczby udzielonych odpowiedzi
Twoja historia wyników
Nie rozwiązałeś tego quizu